Multiple Choice City Quiz – Abu Dhabi - Statistics

General Stats
  • This quiz has been taken 148 times
  • The average score is 4 of 10
Answer Stats
Question Answer % Correct
What was Abu Dhabi's main industry when it was first founded in the late eighteenth century? Pearl diving
58%
Formula 1's season finale, the Abu Dhabi Grand Prix, is held at what venue? Yas Marina Circuit
53%
Which airline is based at Abu Dhabi International Airport? Etihad
50%
Which famous museum has a location in Abu Dhabi? The Louvre
42%
Which of these attractions is NOT located in Abu Dhabi? Museum of the Future
36%
Abu Dhabi is built across roughly how many islands? 200
34%
What does Abu Dhabi mean in Arabic? Father of Gazelles
34%
Capital Gate is a 160 metre tall skyscraper in Abu Dhabi. What is notable about this building? It is built on a large lean
34%
Which of these is a protected area in Abu Dhabi known for its mangrove forests and coral reefs? Marawah Marine Biosphere Reserve
31%
Qasr Al Hosn is the oldest stone fort in Abu Dhabi, built in 1761. What was it built to defend? The town's only well
25%
No matching quizzes found
Score Distribution
Percent of People with Each Score
Percentile by Number Answered
Your Score History
You have not taken this quiz